Test item file Principles of physics of Hans C. Ohanian /
Đã lưu trong:
| Príomhúdar: | |
|---|---|
| Údair Eile: | |
| Formáid: | Sách giấy |
| Teanga: | English |
| Foilsithe: |
New York, NY :
W.W. Norton & Company,
1994
|
| Clibeanna: |
Cuir Clib Leis
Gan Chlibeanna, Bí ar an gcéad duine leis an taifead seo a chlibeáil!
|
| Thư viện lưu trữ: | Thư viện Trường Đại học Đà Lạt |
|---|
| LEADER | 00615nam a2200241 4500 | ||
|---|---|---|---|
| 001 | DLU040029581 | ||
| 005 | ##11/2/1998 | ||
| 041 | # | # | |a eng |
| 082 | # | # | |a 530 |b DR-M |
| 100 | # | # | |a Dresser, Miles J. |
| 245 | # | # | |a Test item file Principles of physics of Hans C. Ohanian / |c Miles J. Dresser |
| 260 | # | # | |a New York, NY : |b W.W. Norton & Company, |c 1994 |
| 300 | # | # | |a 238p. : |b ill. ; |c 29 cm |
| 700 | # | # | |a Ohanian, Hans C. |
| 992 | # | # | |a 9500 |
| 994 | # | # | |a DLU |
| 900 | # | # | |a True |
| 911 | # | # | |a Thái Thị Thanh Thủy |
| 925 | # | # | |a G |
| 926 | # | # | |a A |
| 927 | # | # | |a SH |
| 980 | # | # | |a Thư viện Trường Đại học Đà Lạt |